00981nas a2200277Ia 4500001001400000003001000014008004100024040002500065041001300090100001700103210002500120222002500145245004200170250001100212260000900223501012300232300001400355362001900369500004900388650002500437700002100462942000700483957000600490999003300496952017400529dp5/23-52732 IT-MiCISF161014c99999999xx |||||||||||| ||und|| aIT-MiCISFcIT-MiCISF aITALIANO aMoia Luciano aNoi genitori e figli aNoi genitori e figli 0aFedeltà e fantasia famiglia riparti a1a ed. c2014 bCISF - Centro Internazionale Studi Famiglia - Via Giotto, 36 20145 MILANO (non commercial uses only)cCopyright 2016 app. 12-16 a n. 183 [2014] a Tema: famiglia, sinodo, pastorale-familiare aFAMIGLIAvintervista a Baujard Monique cCR 71 a52732bSig1c219210d219210 0010406DP_5_000000000000000_235273271aCISFbCISFd2016-10-14l0odp5/23-52732 r2016-10-14 00:00:00w2016-10-14yCRzData import 15.10.2016 / by Epidotti, Vaglietti